[Event "SRB-chT"]
[Site "Ruma"]
[Date "2017.09.05"]
[Round "5.1"]
[White "Sanal, Vahap"]
[Black "Atalik, Suat"]
[Result "1/2-1/2"]
[WhiteElo "2542"]
[BlackElo "2537"]
[Annotator "Atalik,S"]
[PlyCount "85"]
[EventDate "2017.09.01"]
[EventType "team-tourn"]
[EventRounds "11"]
[EventCountry "SRB"]
[SourceTitle "CBM 181"]
[Source "ChessBase"]
[SourceDate "2017.11.10"]
[SourceVersion "1"]
[SourceVersionDate "2017.11.10"]
[SourceQuality "1"]
[WhiteTeam "Novi Sad CC"]
[BlackTeam "Paracin OSK"]
[WhiteTeamCountry "SRB"]
[BlackTeamCountry "SRB"]

1. a3 $5 g6 2. Nf3 Bg7 3. e4 d6 (3... c5 4. Bc4 $1 {makes some sense.}) 4. d4
Nf6 5. Bd3 O-O 6. O-O {So far so good, White has a3 instead of c3.} Qe8 $146 {
A new move, especially with the a3-f8 diagonal covered, there is no danger
coming from that direction.} (6... Nc6 7. d5 $1 Nb8 8. c4) (6... Nbd7 $5) (6...
c5 $5) 7. b4 e5 8. dxe5 Ng4 9. Bb2 Nc6 10. Nc3 Ncxe5 11. h3 Nxf3+ 12. Qxf3 Ne5
13. Qe2 {A critical position!} Be6 (13... c6 14. f4 Nxd3 15. cxd3 f5 16. Rae1
Qf7 17. exf5 Bxf5 18. Ne4) 14. f4 Nxd3 15. cxd3 f5 (15... a5 16. f5 $1 Bxf5
$140 $2 17. Nd5) 16. Rae1 Qf7 (16... Qd7 17. exf5 Bxf5 18. g4 Rae8 19. Ne4 Bxb2
20. Qxb2 Bxe4 21. dxe4 $14) 17. Nb5 Bxb2 18. Qxb2 fxe4 19. Nd4 $6 {A slight
inaccuracy.} (19. f5 $1 gxf5 (19... Bxf5 $2 20. dxe4 Qc4 (20... Qd7) 21. exf5
Qxb5 22. Re7 $18) 20. Re3 Qf6 21. Qxf6 Rxf6 22. Nxc7 (22. dxe4 Bc4) 22... Rc8
23. Nxe6 Rxe6 24. Rxf5 Rc1+ (24... Rc3) 25. Rf1 Rc3 26. Rxe4 Rxe4 27. dxe4 Rxa3
$11) 19... Qg7 20. Rf2 Rae8 (20... e3 21. Nxe6 exf2+ 22. Qxf2 Qc3 23. Nxf8 Rxf8
24. Qe3 $13) 21. dxe4 (21. Rxe4 Bd5) 21... Bd5 $1 {An important shot but it
does not do much damage.} 22. Rfe2 Rxf4 (22... Bc4 23. Rf2 c5 24. Nf3 Qxb2 25.
Rxb2 Rxf4 26. bxc5 dxc5 27. Rxb7 Rfxe4 28. Rxe4 Rxe4 29. Rxa7 {and I am
annoyed about the rook on the absolute 7th.}) 23. exd5 Rxe2 24. Rxe2 Qxd4+ (
24... Rxd4 $2 {is really dangerous.} 25. Qc1 $3 (25. Re8+ Kf7 26. Qe2 (26. Re1
$5) 26... Rd1+ $1 27. Kh2 Qf6 $1 28. Re3 Rf1 (28... Rxd5 $2 29. Qc4) 29. Qc4
Qf4+ 30. Qxf4+ Rxf4 31. Rc3 $11) 25... Qf7 (25... Rxd5 $2 26. Re8+ Kf7 27.
Qxc7+) 26. Qg5 {and Black is on the defensive.}) 25. Qxd4 Rxd4 {This leads to
a drawish rook ending.} 26. Rc2 $1 (26. Re8+ $2 Kf7 27. Rb8 (27. Rd8 Rc4) 27...
b6 28. Rb7 Rc4 29. Rxa7 Kf6 $17) 26... Rd1+ $6 (26... Rxd5 27. Rxc7 Rb5 28. Kf2
a5 {is a replica of the game.}) 27. Kh2 (27. Kf2 $1 Rxd5 28. Rxc7 Rf5+ 29. Ke3
Rf7 30. Rc8+ Kg7 31. Rd8 Kf6 32. Rxd6+ Ke5 33. Rd8 $11) 27... Rxd5 28. Rxc7 Rb5
29. Rd7 d5 (29... Rb6 30. Kg3) 30. Kg3 a5 31. bxa5 Rxa5 32. Rxb7 Rxa3+ 33. Kf4
Ra2 34. g4 Rf2+ 35. Ke5 h5 36. Kxd5 hxg4 37. hxg4 Rf4 38. g5 Rf5+ 39. Ke6 Rxg5
40. Kf6 Rg1 41. Rg7+ Kf8 42. Rxg6 Rxg6+ 43. Kxg6 1/2-1/2

[Event "SRB-chT Central"]
[Site "Kraljevo"]
[Date "2014.09.19"]
[Round "9.5"]
[White "Zlatanovic, Boroljub"]
[Black "Atalik, Suat"]
[Result "1/2-1/2"]
[WhiteElo "2402"]
[BlackElo "2549"]
[Annotator "Atalik,S"]
[PlyCount "85"]
[EventDate "2014.09.13"]
[EventType "team-tourn"]
[EventRounds "11"]
[EventCountry "SRB"]
[SourceTitle "CBM 163"]
[Source "ChessBase"]
[SourceDate "2014.11.11"]
[SourceVersion "1"]
[SourceVersionDate "2014.11.11"]
[SourceQuality "1"]
[WhiteTeam "Kragujevac"]
[BlackTeam "Kraljevo"]
[WhiteTeamCountry "SRB"]
[BlackTeamCountry "SRB"]

{My friend Boroljub likes off-beat openings.} 1. Nc3 (1. e4 c6 2. d4 d5 3. Nc3
dxe4 4. Nxe4 Bf5 5. Ng3 Bg6 6. Nf3 Nd7 7. Bc4 e6 8. O-O Ngf6 9. Qe2 Bd6 (9...
Be7 $5) 10. Ne5 Qc7 11. Re1 {is the sister line in the Caro-Kann.}) 1... d5 2.
e4 dxe4 3. Nxe4 Bf5 4. Ng3 Bg6 5. Nf3 Nd7 6. d4 e6 7. Bc4 Ngf6 {So far I could
have skipped c6 and looked forward to pushing c7-c5 at once.} 8. O-O Bd6 (8...
Be7 9. Qe2 O-O {is another idea.}) 9. Qe2 O-O 10. Ne5 Nb6 $5 {A very strange
idea after all.} (10... c5 11. Bf4 (11. Nxg6 hxg6 12. dxc5 Nxc5 13. Be3 Qc7 $11
) 11... Qc7 12. Nxg6 hxg6 13. Bxd6 Qxd6 14. dxc5 Nxc5 $11) 11. Bb3 a5 ({
I had already missed the idea with} 11... Bxe5 12. Qxe5 a5 13. a4 Qd6 14. Bf4
Rfd8 15. Rfd1 Nfd5 $132) 12. a4 c6 $6 (12... Bxe5 13. Qxe5 Qd6 {was necessary.}
) 13. h4 $1 $16 Qc7 14. Bg5 $1 Nbd5 15. h5 Bf5 16. h6 $1 (16. Nxf5 $6 exf5 17.
c4 Nb4 18. Bxf6 gxf6 19. Nf3 Rfe8 20. Qd2 Re4 $36 {was my master plan.}) 16...
gxh6 17. Bxh6 Rfe8 18. Nxf5 $2 {This made White lose his edge.} (18. c4 $1 Ne7
$8 (18... Nb4 $2 19. Nxf5 exf5 20. Qe3 $18) 19. Bg5 $1 Bxe5 20. dxe5 Ng4 21.
Nh5 h6 22. Nf6+ Nxf6 23. Bxf6 Kh7 24. Rad1 Rad8 25. Qe3 $16 {looked pretty bad.
}) 18... exf5 19. Rae1 {The other lines were not satisfactory either.} (19.
Bxd5 cxd5 (19... Nxd5 20. c4 f6 21. cxd5 fxe5 $13) 20. Qf3 Bxe5 21. Qxf5 Ne4
22. dxe5 Qxe5 23. Qxe5 Rxe5 $13) (19. c4 Ne7 20. Bc2 Ng6 21. Bxf5 Bxe5 22. dxe5
Qxe5 23. Qxe5 Rxe5 $13) 19... Ng4 20. Qd2 Nxe5 {A difficult choice to make.} (
20... Bxe5 21. dxe5 f6 (21... Re6 22. Bxd5 cxd5 (22... Rxh6 $2 23. Bb3 Qe7 24.
g3 $16) 23. Bf4 Rae8 $132) 22. Bxd5+ cxd5 23. Qxd5+ Qf7 24. Qxf7+ Kxf7 25. e6+
Rxe6 26. Rxe6 Kxe6 27. Bd2 $14) 21. dxe5 Bxe5 22. Bxd5 $2 {A bad minor piece
exchange.} (22. Qg5+ Kh8 23. Qxf5 Qd6 (23... Re6 24. Bd2 $16) 24. Bc1 Qf6 25.
Qxf6+ Bxf6 $14) 22... cxd5 {He had to snatch the other pawn.} 23. Qxd5 (23.
Qg5+ $142 Kh8 24. Qxf5 Re6 $14) 23... Re6 24. Bc1 Rae8 25. Re3 $1 f4 $5 (25...
Qxc2 26. Qxa5 Qc6 27. Rf3 $11) 26. Rf3 $6 (26. Re4 $142 Qxc2 27. Bxf4 Qc6 28.
Qxc6 bxc6 29. Rxe5 Rxe5 30. Bxe5 Rxe5 31. Rc1 c5 $11) 26... Rd8 27. Qb5 Rd4 $6
({I had to start the kingside attack with} 27... Kh8 $1 $40) 28. c3 Re4 29. Qd5
$2 $138 {White just gives a pawn.} (29. b3 b6 $13) 29... Rxa4 30. Rh3 Rc4 $2
$138 {A bad lapse in mutual time trouble after which Boroljub consolidated his
position.} (30... Qc6 $1 31. Qd3 (31. Qd8+ Re8 32. Qd1 (32. Qg5+ Qg6) 32... Re4
33. Qf3 Re6 $17) 31... Rg6 32. Qf3 (32. Rf3 Re4) 32... Re4 33. Rd1 Bc7 $17) (
30... Ra1 $5 31. Qd3 Rg6 32. Rh5) 31. Re1 $1 {A very nasty position to play
down to the last minutes on both clocks.} Rc5 (31... f3 $2 32. Qxf3 Bh2+ 33.
Kf1 {would have been wrong.}) 32. Qd3 Rg6 33. Rh5 h6 (33... Qc6 34. Qe4 Qxe4
35. Rxe4 Re6 36. Rf5 $11) 34. Qf3 a4 35. Bxf4 $1 $11 Bxf4 36. Rxc5 Bh2+ 37. Kh1
Qxc5 38. Kxh2 b5 (38... Qc6 39. Re4 b5 40. g3 Rg5 $11) 39. Re8+ Kg7 40. Qa8 $5
{The notorious 40th move.} (40. g3 Rg5 $11) 40... Qh5+ 41. Kg1 Qd1+ 42. Kh2
Qh5+ 43. Kg1 {I just decided to call it a day since a draw sealed the result
of the match.} ({However} 43. Kg1 Rd6 $1 44. Re1 $8 (44. Rg8+ Kf6) 44... Rd2
45. Qe4 Rxb2 46. Re3 Qd1+ 47. Kh2 Qh5+ 48. Rh3 Re2 $1 $11 {ought to end up in
a draw.}) 1/2-1/2

[Event "Petrov Memorial op"]
[Site "St Petersburg"]
[Date "1996.??.??"]
[Round "5"]
[White "Alekseev, Vadim"]
[Black "Komliakov, Viktor"]
[Result "1-0"]
[WhiteElo "2355"]
[BlackElo "2500"]
[Annotator "Baburin,A"]
[PlyCount "85"]
[EventDate "1996.02.??"]
[EventType "swiss"]
[EventRounds "9"]
[EventCountry "RUS"]
[SourceTitle "CBM 052"]
[Source "ChessBase"]
[SourceDate "1996.06.01"]
[SourceVersion "1"]
[SourceVersionDate "1996.06.01"]
[SourceQuality "1"]

1. b4 e5 2. Bb2 d6 3. c4 Nd7 4. e3 g6 5. Nf3 Bg7 6. Be2 Ngf6 7. d4 Qe7 8. Nc3
O-O 9. Qb3 Re8 10. a4 e4 11. Nd2 h5 12. h3 Nf8 13. a5 c6 14. b5 Ne6 15. Na4 c5
16. d5 Ng5 17. b6 a6 {[#] Here we have a situation similar to Alekseev-Sakaev:
White's delay in castling works well for him.} 18. O-O-O $1 h4 19. Kb1 Bf5 20.
Ka2 Nd7 21. Nc3 Ne5 22. Rdg1 Nd7 23. Bd1 Nf6 24. Bc2 Nh5 25. Ba1 Be5 26. Re1
Qf8 27. f4 exf3 28. gxf3 Bxc2 29. Qxc2 Bg7 30. f4 Nh7 31. Nf3 Qe7 32. Rhg1 Ng3
33. e4 Nf6 34. Nxh4 Nfxe4 35. Nxe4 Qxh4 36. Bxg7 Nxe4 37. Bb2 Qxf4 38. Rg4 Qd2
39. Rgxe4 Qxa5+ 40. Kb1 Qxe1+ 41. Rxe1 Rxe1+ 42. Ka2 Rae8 43. Qf2 1-0

[Event "URS-ch46 First League"]
[Site "Ashkhabad"]
[Date "1978.??.??"]
[Round "14"]
[White "Mikhalchishin, Adrian"]
[Black "Kapengut, Albert Z"]
[Result "1-0"]
[WhiteElo "2460"]
[BlackElo "2465"]
[Annotator "Bulletin"]
[PlyCount "121"]
[EventDate "1978.10.??"]
[EventType "tourn"]
[EventRounds "17"]
[EventCountry "URS"]
[EventCategory "10"]
[SourceTitle "MCL"]
[Source "ChessBase"]
[SourceDate "1999.07.01"]
[SourceVersion "1"]
[SourceVersionDate "1999.07.01"]
[SourceQuality "1"]

1. g3 e5 2. Bg2 d5 3. Nf3 e4 4. Nd4 Nf6 (4... c5 $5) 5. d3 Bc5 6. Nb3 Bb6 7.
O-O O-O 8. Nc3 exd3 9. cxd3 d4 10. Na4 $14 Na6 11. Bf4 c5 12. Rc1 Qe7 13. e3
dxe3 14. Bxe3 Bg4 15. Qe1 Rfe8 16. Nbxc5 Nxc5 17. Nxc5 Bxc5 18. Bxc5 Qd7 19.
Qb4 b6 20. Bd4 (20. Bxa8 $2 bxc5 21. Qb7 Qd8) 20... Nd5 21. Qd2 f6 22. Rfe1 Be6
23. b3 Rad8 24. Bb2 Qd6 25. Re4 Bf7 26. h4 Bg6 27. Rd4 Bf7 28. Re4 Bg6 29. Rd4
Bf7 30. Re1 Rxe1+ 31. Qxe1 Qe5 32. Qd2 b5 33. Qc1 Qb8 34. b4 Kf8 35. a3 $4 (35.
Bxd5 Rxd5 (35... Bxd5 36. Qc5+ Qd6 37. Rxd5 $1 Qxc5 38. Rxc5 $18) 36. Rxd5 Bxd5
37. Qc5+ $18) 35... a6 $4 36. Be4 $4 (36. Bxd5 $18) 36... h6 $4 37. Qc2 $4 (37.
Bxd5 $18) 37... Be6 $4 38. Qe2 $4 (38. Bxd5 $18) 38... Ne7 39. Rxd8+ Qxd8 40.
Qe3 Bd5 41. Qd4 Qa8 42. Qe3 Kf7 43. Bd4 Qd8 44. Kh2 Nc6 45. Bc3 Qd7 46. Qb6
Bxe4 47. dxe4 Qc8 48. Bb2 h5 49. Qc5 Kg6 50. e5 Qe6 51. exf6 gxf6 52. Qc2+ Kh6
53. Qd2+ Kg6 54. Qd3+ Qf5 55. Qe2 Ne7 56. Bd4 Kf7 57. Bb2 Nd5 58. Kg2 Kg6 59.
Bd4 Nf4+ $4 60. gxf4 Qd5+ 61. f3 1-0

[Event "POL-ch 52nd"]
[Site "Warsaw"]
[Date "1995.??.??"]
[Round "9"]
[White "Oliwa, Marek"]
[Black "Gdanski, Jacek"]
[Result "1-0"]
[WhiteElo "2405"]
[BlackElo "2490"]
[Annotator "Bulletin"]
[PlyCount "85"]
[EventDate "1995.02.11"]
[EventType "tourn"]
[EventRounds "17"]
[EventCountry "POL"]
[EventCategory "8"]
[SourceTitle "EXT 1999"]
[Source "ChessBase"]
[SourceDate "1998.11.16"]
[SourceVersion "1"]
[SourceVersionDate "1998.11.16"]
[SourceQuality "1"]

1. g3 e5 2. Nf3 e4 3. Nd4 c5 4. Nb3 c4 5. Nd4 Bc5 6. c3 Nc6 7. Nxc6 dxc6 8. b3
Nf6 9. Ba3 (9. bxc4 Ng4 10. e3 Qf6 11. Qe2 Ne5 $19) 9... Bxa3 10. Nxa3 cxb3 11.
axb3 O-O 12. Bg2 Re8 13. Nc2 Bf5 14. Nd4 Bg6 15. b4 a5 16. bxa5 Rxa5 17. Rxa5
Qxa5 18. O-O c5 19. Nc2 Rd8 20. Ne3 h6 21. Qc2 b5 (21... Qa6 22. Re1 b5) 22.
Rb1 Qa6 23. h3 Kh7 24. Kf1 Rb8 25. Rb2 Qd6 26. Ke1 Qe5 27. Qb1 Qe8 28. Qa1 Qc6
29. Qb1 Ne8 $2 30. Nc4 $1 Qe6 (30... Qa8 31. Rxb5 $4 (31. d3 $1) 31... Rxb5 32.
Qxb5 Qa1+) 31. Rxb5 e3 32. d3 exf2+ 33. Kxf2 (33. Kf1 $2 Rxb5 34. Qxb5 Bxd3 $19
) 33... Rd8 34. Qc1 Qf6+ 35. Kg1 Nd6 36. Rxc5 Nxc4 37. Rxc4 Qe5 38. Kf2 Rd6 39.
Rf4 Bh5 40. Be4+ Kg8 41. Rf5 Rf6 42. Qf4 Qxf4+ 43. gxf4 1-0

[Event "World U20-ch22"]
[Site "Belfort"]
[Date "1983.08.24"]
[Round "11"]
[White "Trindade, Sandro Heleno"]
[Black "Greenfeld, Alon"]
[Result "1-0"]
[WhiteElo "2320"]
[BlackElo "2460"]
[Annotator "Bulletin/Primel,D"]
[PlyCount "95"]
[EventDate "1983.08.12"]
[EventType "swiss"]
[EventRounds "13"]
[EventCountry "FRA"]
[SourceTitle "EXT 2004"]
[Source "ChessBase"]
[SourceDate "2003.11.25"]
[SourceVersion "1"]
[SourceVersionDate "2003.11.25"]
[SourceQuality "1"]

1. e3 g6 2. a3 $2 $146 {Une nouveauté au 2ème coup!} Bg7 3. c4 Nf6 4. Qc2 {
Nouvelle provocation du brésilien qui cherche а sortir de la théorie au plus
vite} (4. Nc3 $142 {Coudari,C (2320)-Hebden,M (2455) Royan op (4) 1/2}) 4... d5
$1 {GREENFELD commence а s'impatienter devant le début provocateur des noirs
et il choisit d'ouvrir la position pour profiter de son meilleur développement.
} 5. cxd5 Nxd5 6. Nf3 O-O 7. d3 a5 $1 {[%csl Rb4][%cal Ga5a4]} 8. Bd2 a4 {
[%csl Rb3]} 9. Nc3 Nb6 $15 {[%csl Re1,Rf1]} 10. Ne4 Nc6 (10... e5 $142 {
[%csl Rd3]} 11. Nc5 N8d7) 11. Nc5 Qd5 (11... e5) 12. Be2 Na5 (12... Bxb2 13. e4
) 13. d4 Bf5 $2 {Les provocations des blancs ont réussi а perturber GREENFELD
et il gaffe} (13... e5 14. e4 Qc6 15. d5) (13... Nbc4 14. Bxa5 Nxa5 15. Rd1 (
15. Nxa4 $2 Nb3 {[%csl Ra4][%cal Gb3a1,Ga8a4]})) 14. e4 Qc6 15. Bxa5 Rxa5 16.
exf5 {Une pièce sans compensation} Nd7 17. Rc1 Nxc5 18. dxc5 Bh6 19. Qc3 Bxc1
20. Qxa5 b6 21. Qc3 Qxc5 22. Qxc5 bxc5 23. Nd2 $6 (23. fxg6 $142 hxg6 24. Kd1
Bxb2 25. Kc2 Bxa3 26. Ra1 Bb4 27. Rxa4 $18) 23... Bxb2 24. Nc4 Bc3+ 25. Kd1
gxf5 26. Kc2 Bd4 27. f3 Ra8 28. Bd3 e6 29. Rb1 Kg7 30. Nb2 Kf6 31. Bb5 Rg8 32.
Bf1 Ra8 33. Nc4 Bg1 34. h3 Kg5 35. Bd3 Bf2 36. Rf1 Bg3 37. f4+ Kh4 38. Rf3 Rd8
39. Nd2 Rd4 40. Nf1 Rxf4 41. Rxg3 $2 (41. Rxf4+ Bxf4 42. Bb5 Bd6 43. Bxa4 {
[%csl Ga3][%cal Ga4c6,Ga3a8]}) 41... c4 $2 (41... Rxf1 42. Rg7 Rf2+ 43. Kb1 h5
44. Rxf7 Rxg2 45. Rxc7 f4 $132 {[%csl Gf4][%cal Gf4f1,Gh4h3,Gh5h1]}) 42. Be2
Rxf1 43. Rg7 Rf2 $4 (43... Ra1 44. Kb2 Rg1 (44... Re1 45. Bxc4) 45. Bxc4 h5 46.
Bb5 e5 47. Bxa4 f4 $13 {[%cal Gf4f3,Gg1g7]}) 44. Kd1 c3 45. Ke1 c2 46. Kxf2 h6
47. g3+ {L'israélien était un des favoris de ce tournoi (2ème ELO après SHORT)
et cette défaite lui a couté dans la course au titre mais il s'est battu lui
même dans cette partie.} Kxh3 48. Bf1+ 1-0

[Event "Lopota FIDE GP (Women)"]
[Site "Lopota"]
[Date "2014.06.21"]
[Round "3"]
[White "Hou, Yifan"]
[Black "Koneru, Humpy"]
[Result "1/2-1/2"]
[WhiteElo "2629"]
[BlackElo "2613"]
[Annotator "CB"]
[PlyCount "97"]
[EventDate "2014.06.19"]
[EventType "tourn"]
[EventRounds "11"]
[EventCountry "GEO"]
[EventCategory "11"]
[SourceTitle "CBM 161 Extra"]
[Source "ChessBase"]
[SourceDate "2014.08.29"]
[SourceVersion "1"]
[SourceVersionDate "2014.08.29"]
[SourceQuality "1"]

1. g3 {Yifan seems to keep this somewhat excentric opening as a potentially
lethal weapon for Grand Prix events (she first used it in Khanty Mansyisk
against Alexandra Kosteniuk). Here the players soon end up in Pirc territory.}
Nf6 2. Bg2 g6 3. e4 e5 4. Ne2 Bg7 5. Nbc3 c6 6. d4 d6 7. h3 b5 8. Be3 Bb7 9.
dxe5 dxe5 10. Qxd8+ Kxd8 11. a4 a6 12. Nc1 Nbd7 13. Nd3 Kc7 14. O-O Ne8 15. h4
Nd6 16. Bh3 Rad8 17. axb5 axb5 18. Bxd7 Rxd7 19. Nc5 Rdd8 20. Nxb7 Nxb7 21. Ra6
Ra8 22. Bb6+ Kd7 23. Rfa1 Rxa6 24. Rxa6 Rb8 25. Ra7 Bf6 26. Na2 Be7 27. Nc1 Bd6
28. Nd3 f5 29. b4 ({The biggest chance, mentioned by Humpy during the
conference, was} 29. f4 $1 {should be winning:} exf4 (29... fxe4 30. Nxe5+ Bxe5
31. fxe5 {is very tricky as Black is completely tied up.} e3 (31... Ke6 32. Bc7
) 32. Bxe3 {will secure White the full point.}) 30. e5 $1 {and e.g.} Be7 31.
gxf4 $18) 29... Ke6 30. f3 fxe4 31. fxe4 h5 32. Kg2 Nd8 33. Nc5+ Bxc5 34. bxc5
Kf6 35. c3 Ne6 36. Kf3 Rf8 37. Ke3 Rf7 38. Ra8 Rf8 39. Ra7 Rf7 40. Ra6 Rf8 41.
Ra2 Ke7 42. Ra7+ Kf6 43. Rd7 Ra8 44. Rd6 Ra3 45. Kd2 Ra2+ 46. Ke3 Ra3 47. Kd2
Ra2+ 48. Ke3 Ra3 49. Kd2 1/2-1/2

[Event "YUG-ch53"]
[Site "Belgrade "]
[Date "1998.03.30"]
[Round "15"]
[White "Kontic, Djordjije"]
[Black "Drasko, Milan"]
[Result "0-1"]
[WhiteElo "2330"]
[BlackElo "2515"]
[Annotator "ChessBase"]
[PlyCount "80"]
[EventDate "1998.03.14"]
[EventType "tourn"]
[EventRounds "15"]
[EventCountry "YUG"]
[EventCategory "10"]
[SourceTitle "CBM 064"]
[Source "ChessBase"]
[SourceDate "1998.06.02"]
[SourceVersion "1"]
[SourceVersionDate "1998.06.02"]
[SourceQuality "1"]

1. g3 d5 2. Bg2 e5 3. c3 c6 4. Nf3 Bd6 5. d3 Nf6 6. Qa4 $2 (6. O-O O-O 7. Nbd2
Nbd7 8. Qc2 Qc7 9. e4 dxe4 10. Nxe4 Nxe4 11. dxe4 Nc5 12. b4 Ne6 13. Be3 {
1/2-1/2 Kuehn,S-Frank,W/DLM 1994/JUN 97 (25)}) 6... O-O 7. Na3 $6 Re8 8. e4 $2
{[%csl Rd3]} (8. O-O e4 9. Nd4) 8... Nbd7 9. Be3 Bc5 10. Nc2 $2 {[%csl Ra4]} b5
11. Qb3 a5 12. a4 (12. a3 Bxe3 13. Nxe3 Nc5 14. Qc2 dxe4 15. dxe4 Qd3 (15...
Ncxe4 16. Nh4 $11) (15... Nd3+ 16. Ke2 $13) 16. Rd1 Qxc2 17. Nxc2 Be6 18. Ne3
Bb3 19. Rb1 Nfxe4 $19) 12... Bxe3 13. Nxe3 Nc5 14. Qc2 Nxa4 $17 (14... dxe4 15.
dxe4 Qd3 (15... Nd3+ 16. Ke2 $13) 16. axb5 cxb5 17. b4 Qxc2 18. Nxc2 Ncxe4 19.
Nd2 Bb7 20. bxa5 Rad8 $15) 15. exd5 cxd5 16. O-O Bd7 17. d4 e4 18. Ne5 Nb6 19.
f4 (19. f3 $5 exf3 20. Rxf3) 19... Nc4 20. N5xc4 bxc4 21. f5 Bc6 22. Rf4 a4 23.
g4 Nd7 24. f6 Nxf6 25. Raf1 Rf8 (25... Ra7) 26. Qf2 Ra7 27. g5 Nh5 28. Rf5 g6
29. Re5 f5 30. gxf6 (30. Qh4 f4 31. Nf5 Rxf5 32. Rxf5 gxf5 33. Qxh5 f3 $19)
30... Rxf6 31. Qe2 Rxf1+ 32. Bxf1 Nf6 (32... Rf7 33. Qg4 Nf4 34. Nf5 Qd7 35.
Nh6+ Kg7 36. Qh4 $13) 33. Bh3 Bd7 (33... a3 $6 34. bxa3 Rxa3 35. Be6+ Kg7 $17)
34. Qg2 a3 $1 35. bxa3 Rxa3 36. Bxd7 Ra1+ 37. Kf2 (37. Nf1 Qxd7 38. Rg5 $19)
37... Ra2+ 38. Kf1 Rxg2 (38... Ra1+ 39. Ke2 Nxd7 40. Qg5 Qb8 $19) 39. Be6+ Kg7
40. Kxg2 Qa5 $19 (40... Qa5 41. Nxd5 Nxd5 42. Bxd5 e3 43. Kf3 Qxc3 $19) 0-1

[Event "SLO-ch"]
[Site "Slovenia"]
[Date "1992.??.??"]
[Round "?"]
[White "Gostisa, Leon F"]
[Black "Jelen, Iztok"]
[Result "1/2-1/2"]
[WhiteElo "2410"]
[BlackElo "2430"]
[Annotator "ChessBase"]
[PlyCount "90"]
[EventDate "1992.??.??"]
[EventType "tourn"]
[EventRounds "15"]
[EventCountry "SLO"]
[EventCategory "5"]
[SourceTitle "TD"]
[Source "ChessBase"]
[SourceDate "1994.03.01"]
[SourceVersion "1"]
[SourceVersionDate "1994.03.01"]
[SourceQuality "1"]

1. Nf3 d5 2. e3 Nf6 3. b4 e6 4. a3 Be7 5. Bb2 O-O 6. Be2 b6 7. c4 c5 8. bxc5
bxc5 9. O-O Nc6 10. cxd5 exd5 11. Qc2 Rb8 12. Ne5 Qb6 13. Nxc6 Qxc6 14. Be5 Rb6
15. Nc3 Qe6 16. f4 Ba6 17. Bxa6 Rxa6 18. Qd3 Rd8 19. Rfb1 d4 20. exd4 c4 21.
Qf3 Rxa3 22. Rxa3 Bxa3 23. f5 Qe7 24. Rb7 Rd7 25. Rb8+ Rd8 26. Qa8 Rxb8 27.
Qxb8+ Qe8 28. Qxa7 Bd6 29. Qa4 Qxa4 30. Nxa4 Bxe5 31. dxe5 Ne4 32. Nc3 Nxd2 33.
Kf2 g6 34. f6 h5 35. h4 Kf8 36. Ke3 Nf1+ 37. Kf4 Ke8 38. e6 fxe6 39. Ke5 Ne3
40. Kxe6 Nxg2 41. Nd5 $2 (41. f7+ Kf8 42. Nd5 c3 43. Nb6 $18) 41... c3 42. f7+
Kf8 43. Nxc3 Nxh4 44. Ne4 Nf3 45. Kf6 Ne5 1/2-1/2

[Event "Minsk Boleslavsky Memorial"]
[Site "Minsk"]
[Date "1994.??.??"]
[Round "3"]
[White "Volke, Karsten"]
[Black "Kovalev, Andrei"]
[Result "0-1"]
[WhiteElo "2480"]
[BlackElo "2530"]
[Annotator "Ernst,T"]
[PlyCount "130"]
[EventDate "1994.02.??"]
[EventType "tourn"]
[EventRounds "11"]
[EventCountry "BLR"]
[EventCategory "10"]
[SourceTitle "CBM 042"]
[Source "ChessBase"]
[SourceDate "1994.10.01"]
[SourceVersion "1"]
[SourceVersionDate "1994.10.01"]
[SourceQuality "1"]

1. b4 e5 2. Bb2 f6 3. b5 (3. e4 $2 Bxb4 4. Bc4 Nc6 5. f4 d6 6. c3 Ba5 7. Ne2
Qe7 $17 {Sokolski-Zagorovsky/1968/}) 3... d5 4. e3 c5 (4... Be6 5. d4 e4 $13)
5. d4 Nd7 (5... exd4 6. exd4 c4 7. Nc3 $13) 6. Nc3 cxd4 7. exd4 Bb4 8. dxe5
Nxe5 9. Qd4 Bxc3+ 10. Qxc3 Bf5 $13 11. Bd3 Rc8 12. Qd2 Qd7 13. Bxe5 fxe5 14.
Bxf5 Qxf5 15. Qxd5 Nf6 16. Qf3 Qxc2 17. Ne2 Rd8 18. O-O e4 19. Qe3 Qd3 $10 20.
Rac1 O-O 21. Nf4 Qxe3 22. fxe3 Rf7 23. h3 (23. Ne6 Re8 $10) 23... Re7 24. Rc4
Kf7 25. a4 Ke8 26. a5 Re5 27. b6 axb6 28. axb6 Rd6 29. Rc8+ Kf7 30. Rc7+ Re7
31. g4 g5 32. Nh5 Rxb6 33. Rc5 Kg6 34. Rxf6+ Rxf6 35. Nxf6 Kxf6 $17 36. Rb5 h6
37. Rb6+ Ke5 38. Rxh6 Kd5 39. Kf2 b5 40. Rb6 Kc5 41. Rg6 Re5 42. Ke2 Kc4 43.
Rc6+ (43. Kd2 Kb3 44. Kc1 Rc5+ $19) 43... Kb3 44. Kf2 b4 45. Kg3 Ka4 46. Rc4
Kb5 47. Rc1 Rc5 48. Re1 b3 49. h4 gxh4+ 50. Kxh4 Kb4 51. Kg3 b2 $19 52. Rb1 (
52. Kf4 Rc1 $19) 52... Kb3 53. Kf4 Rc4 $1 54. g5 Ka2 55. Rg1 b1=Q 56. Rxb1 Kxb1
57. g6 Kc2 58. g7 Rc8 59. Kxe4 Rg8 60. Kd5 Rxg7 61. e4 Rd7+ 62. Ke6 Rd4 63. e5
Kd3 64. Kf7 Rf4+ 65. Kg6 Re4 0-1